000 00650nam a2200301Ia 4500
005 20260401122436.0
008 008 250103s9999 xx 000 0 eng d
020 _a9780275995102
037 _aTB
040 _aEDL
040 _beng
040 _cEDL
041 _2eng
041 _aeng
084 _a822.33POG
084 _qEDL
100 _aPogue, Kate Emery
_91233632
245 0 _aShakespeare's family
245 0 _cPogue, Kate Emery
260 _aWestport, UK
260 _bPraeger
260 _c2008
300 _a209p
942 _cTB
942 _h822.33POG
999 _c1847317
_d1847317